Estadísticas para Costas de España

Haz click aquí para intentar la prueba.

Estadísticas generales

  • Esta prueba ha sido intentada 198 veces
  • La puntuación promedio es 8 de 17

Estadísticas de respuestas

Comunidad AutónomaRespuesta% Correcto
CataluñaCosta Brava
85%
AndalucíaCosta del Sol
80%
C. ValencianaCosta Blanca
72%
CataluñaCosta Dorada
66%
CantabriaCosta Cantábrica
59%
País VascoCosta Vasca
50%
AsturiasCosta Verde
48%
GaliciaRías Baixas
45%
C. ValencianaCosta del Azahar
44%
AndalucíaCosta de la Luz
43%
GaliciaRías Altas
43%
MurciaCosta Cálida
39%
C. ValencianaCosta de Valencia
37%
AndalucíaCosta de Almería
31%
AndalucíaCosta Tropical
30%
CataluñaCosta del Maresme
25%
CataluñaCosta del Garraf
22%

Distribución de puntuación

Porcentaje por número respondido

Porcentaje de gente con cada puntuación

Historial de tus puntuaciones

No has intentado esta prueba.